000 00675nam a2200229 a 4500
001 13601
003 BD-JhCC
005 20240302164314.0
008 171128s2019 bg |||| ||a| 000 0 ben d
020 _a9789849310570
035 _a(BD-JhCC)13601
040 _aBD-JhCC
_dBD-JhCC
041 _abengali
082 _a891.443
_bASL 2019
100 _aআসলাম, সুমন্ত
245 _aতুমি থেকো একলা মনে /
_cসুমন্ত আসলাম ।
260 _aঢাকা :
_bকাকলী প্রকাশনী,
_c2019.
300 _a304 p. :
_c22 cm.
650 _aBengali Novel
942 _2ddc
_cBK
999 _c13601
_d13601